Zero MVP's - Statistics

General Stats
  • This quiz has been taken 3 times
  • The average score is 12 of 27
Answer Stats
Hint Answer % Correct
NFL Houston Texans
100%
NFL Arizona Cardinals
67%
NBA Brooklyn Nets
67%
NHL Calgary Flames
67%
NHL Florida Panthers
67%
NFL Jacksonville Jaguars
67%
NBA New Orleans Pelicans
67%
NBA Orlando Magic
67%
NFL Tampa Bay Buccaneers
67%
NHL Vegas Golden Knights
67%
MLB Arizona Diamondbacks
33%
NHL Carolina Hurricanes
33%
NBA Charlotte Hornets
33%
NHL Columbus Blue Jackets
33%
NBA Detroit Pistons
33%
NBA Indiana Pacers
33%
NBA Memphis Grizzlies
33%
NHL Minnesota Wild
33%
NHL Nashville Predators
33%
NFL New Orleans Saints
33%
NFL New York Jets
33%
MLB New York Mets
33%
NHL Seattle Kraken
33%
MLB Tampa Bay Rays
33%
NHL Utah Mammoth
33%
NHL Dallas Stars
0%
NBA Toronto Raptors
0%
No matching quizzes found
Score Distribution
Percent of People with Each Score
Percentile by Number Answered
Your Score History
You have not taken this quiz